| 000 | 00625nam a2200205 i 4500 | ||
|---|---|---|---|
| 001 | 124596 | ||
| 003 | ES-MaACL | ||
| 007 | t| | ||
| 008 | 070409s1935 sp ||||1| spa d | ||
| 080 | _a15:37(022) | ||
| 100 | 1 |
_aKlemm, Otto. _968243 |
|
| 245 | 1 | 0 |
_aPsicología Pedagógica / _cOtto Klemm ; traducción del alemán por Julia Francolí Müncker. |
| 260 |
_aBarcelona : _bLabor, _c[1935] |
||
| 300 |
_a131 p. : _bil. ; _c17 cm. |
||
| 490 | 1 |
_aColección Labor ; _v366 |
|
| 700 | 1 |
_aFrancolí Müncker, Julia. _952279 |
|
| 830 | 0 | 0 |
_aColección Labor _v366 _9184254 |
| 852 |
_aES-MaACL _jE-2843 |
||
| 999 |
_c124596 _d124596 |
||